[Event "European Championship (rapid) 2015"]
[Site "Minsk BLR"]
[Date "2015.12.19"]
[Round "4"]
[White "Gunina, Valentina"]
[Black "Guseinov, Gadir"]
[Result "0-1"]
[WhiteElo "2502"]
[BlackElo "2646"]
[PlyCount "62"]
[EventDate "2015.12.19"]

1. d4 g6 2. c4 Bg7 3. e4 d6 4. Nc3 Nf6 5. f3 O-O 6. Nge2 a6 7. Be3 Nc6 8. Qd2
Bd7 9. g3 Qb8 10. Bg2 b5 11. c5 dxc5 12. dxc5 Rd8 13. O-O Be6 14. Qc1 b4 15.
Nd1 Qb5 16. Nf4 Bc4 17. Re1 e5 18. Nh3 Nd4 19. Kh1 Nd7 20. b3 Be6 21. c6 Nc5
22. Ndf2 Ncxb3 23. axb3 Nxb3 24. Bf1 Qb8 25. Qc2 Nxa1 26. Rxa1 b3 27. Qb2 h6
28. Kg2 a5 29. Ra4 Rd6 30. Nd3 Qb5 31. Nc5 Bxh3+ 0-1

[Event "European Championship (rapid) 2015"]
[Site "Minsk BLR"]
[Date "2015.12.19"]
[Round "5"]
[White "Guseinov, Gadir"]
[Black "Bortnyk, Olexandr"]
[Result "1-0"]
[WhiteElo "2646"]
[BlackElo "2552"]
[PlyCount "105"]
[EventDate "2015.12.19"]

1. e4 c5 2. Nc3 a6 3. Nf3 e6 4. d4 cxd4 5. Nxd4 Qc7 6. Bd3 Nc6 7. Nxc6 dxc6 8.
O-O e5 9. f4 Nf6 10. Kh1 Bd6 11. f5 b5 12. a4 Bb7 13. axb5 axb5 14. Rxa8+ Bxa8
15. Bxb5 cxb5 16. Nxb5 Qc6 17. Qxd6 Qxb5 18. Rd1 Nd7 19. Bg5 f6 20. Qe6+ Kd8
21. Bxf6+ gxf6 22. Qxf6+ Kc7 23. Qxh8 Bxe4 24. Qg7 Bxf5 25. Qe7 Qxb2 26. Qd6+
Kb7 27. Qd5+ Kc7 28. g4 Qxc2 29. gxf5 Qxf5 30. Qa5+ Nb6 31. Qa7+ Kc6 32. Rc1+
Kb5 33. Qa2 Qe4+ 34. Qg2 Qd4 35. Qc6+ Ka6 36. Re1 Ka5 37. Qe4 Qxe4+ 38. Rxe4
Nd7 39. Rh4 Kb5 40. Rxh7 Kc6 41. Kg2 Kd6 42. Rh6+ Ke7 43. Ra6 Nf6 44. Kg3 Kf7
45. Kh4 Kg6 46. Kg3 Kf5 47. Ra1 Ne4+ 48. Kf3 Ng5+ 49. Ke3 Kg4 50. Ra5 Nf3 51.
Ra4+ Nd4 52. Ra8 Nf3 53. h3+ 1-0

[Event "European Championship (rapid) 2015"]
[Site "Minsk BLR"]
[Date "2015.12.19"]
[Round "6"]
[White "Petrosian, Tigran L"]
[Black "Guseinov, Gadir"]
[Result "1-0"]
[WhiteElo "2625"]
[BlackElo "2646"]
[PlyCount "131"]
[EventDate "2015.12.19"]

1. Nf3 g6 2. g3 Bg7 3. Bg2 d6 4. d4 Nd7 5. O-O e5 6. dxe5 dxe5 7. e4 Ngf6 8.
Qe2 O-O 9. b3 Re8 10. Rd1 h6 11. a4 a5 12. Ba3 b6 13. Qe3 Bb7 14. Nc3 Qb8 15.
Nd2 Nf8 16. Nc4 Qc8 17. Nd5 Bxd5 18. exd5 e4 19. d6 Ng4 20. Qe2 Bxa1 21. d7
Nxd7 22. Qxg4 Ne5 23. Qxc8 Raxc8 24. Rxa1 Nxc4 25. bxc4 Rcd8 26. Bf1 c5 27. Re1
f5 28. Bc1 Kg7 29. h4 Re6 30. Be3 Red6 31. Be2 Re6 32. Rb1 Red6 33. Bf4 Re6 34.
Kf1 Rc6 35. Ke1 h5 36. Rb3 Re8 37. Re3 Rce6 38. Kd2 Kf7 39. f3 exf3 40. Bxf3
Rxe3 41. Bxe3 Ke6 42. Bf4 Kd7 43. Bd5 Re7 44. Kc3 Re1 45. Kb2 Ke8 46. Bc7 Rg1
47. Bxb6 Rxg3 48. Bxa5 Kd7 49. Bb6 g5 50. a5 gxh4 51. a6 Rg6 52. a7 Rxb6+ 53.
Kc3 Ra6 54. a8=Q Rxa8 55. Bxa8 Kd6 56. Kd3 Ke5 57. Ke3 h3 58. c3 h2 59. Bh1 f4+
60. Kf2 Kf5 61. Bf3 Kg5 62. Kg2 Kh6 63. Kxh2 Kg6 64. Kh3 Kg5 65. Be4 Kf6 66.
Kh4 1-0

[Event "European Championship (rapid) 2015"]
[Site "Minsk BLR"]
[Date "2015.12.19"]
[Round "7"]
[White "Guseinov, Gadir"]
[Black "Dydyshko, Viacheslav"]
[Result "1-0"]
[WhiteElo "2646"]
[BlackElo "2506"]
[PlyCount "73"]
[EventDate "2015.12.19"]

1. e4 c5 2. Nc3 d6 3. d4 cxd4 4. Qxd4 a6 5. Be3 Nc6 6. Qb6 Qxb6 7. Bxb6 Nf6 8.
O-O-O g6 9. Kb1 Bg7 10. f4 O-O 11. Nf3 Bg4 12. Be2 Nd7 13. Be3 Bxc3 14. bxc3
Rac8 15. h3 Bxf3 16. gxf3 Nf6 17. h4 Nh5 18. Rhg1 Na5 19. Rd5 Rxc3 20. Bd2 Rc5
21. Rxc5 dxc5 22. Bxa5 Nxf4 23. Bf1 b5 24. Bd2 Ne6 25. Be3 c4 26. Bh3 Ng7 27.
Rd1 f5 28. Bh6 fxe4 29. fxe4 Rf3 30. Bc8 Rf6 31. e5 Rc6 32. Bb7 Rb6 33. Rd8+
Kf7 34. Bd5+ e6 35. Be4 Nf5 36. Bg5 h6 37. Bf6 1-0

[Event "European Championship (rapid) 2015"]
[Site "Minsk BLR"]
[Date "2015.12.19"]
[Round "1"]
[White "Poliakov, Artem"]
[Black "Navara, David"]
[Result "0-1"]
[WhiteElo "2056"]
[BlackElo "2730"]
[PlyCount "102"]
[EventDate "2015.12.19"]

1. d4 Nf6 2. c4 e6 3. Nc3 Bb4 4. e3 O-O 5. Nge2 d5 6. a3 Be7 7. Nf4 c6 8. cxd5
exd5 9. Bd3 Re8 10. O-O Bd6 11. Qc2 Nbd7 12. Bd2 Nf8 13. h3 Bd7 14. b4 Ng6 15.
Nxg6 hxg6 16. Rae1 Rc8 17. e4 dxe4 18. Nxe4 Bb8 19. Ng5 Qc7 20. Nf3 Be6 21. Bc4
Bxc4 22. Qxc4 Qd6 23. g3 Qd7 24. Ne5 Bxe5 25. dxe5 Qxd2 26. Rd1 Qb2 27. exf6
Qxf6 28. Rd7 Re7 29. Rfd1 Rce8 30. Kg2 g5 31. R1d6 Qe5 32. Qd3 g6 33. Rxe7 Rxe7
34. Rd8+ Kg7 35. Ra8 a6 36. Qd8 Kf6 37. Qh8+ Kf5 38. Qc8+ Qe6 39. Qb8 Qd5+ 40.
Kh2 Ke4 41. Qf8 Qe5 42. Kg2 Kd3 43. Rd8+ Ke2 44. Qh8 f6 45. Qg8 Qe4+ 46. Kg1
Re6 47. Qf8 Qb1+ 48. Kg2 Qf1+ 49. Kh2 Kf3 50. Rd3+ Qxd3 51. Qc5 Re1 0-1

[Event "European Championship (rapid) 2015"]
[Site "Minsk BLR"]
[Date "2015.12.19"]
[Round "2"]
[White "Navara, David"]
[Black "Harshkou, Mikita"]
[Result "1-0"]
[WhiteElo "2730"]
[BlackElo "2300"]
[PlyCount "45"]
[EventDate "2015.12.19"]

1. d4 e6 2. e4 d5 3. Nd2 Nf6 4. e5 Nfd7 5. c3 c5 6. Bd3 Nc6 7. Ne2 cxd4 8. cxd4
Qb6 9. Nf3 f6 10. exf6 Nxf6 11. O-O Bd6 12. Nc3 O-O 13. a3 Bd7 14. Be3 Rae8 15.
Ne5 Bxe5 16. dxe5 d4 17. exf6 dxe3 18. Bxh7+ Kxh7 19. Qxd7 exf2+ 20. Kh1 Kh6
21. Qxg7+ Kh5 22. f7 Rd8 23. Ne4 1-0

[Event "European Championship (rapid) 2015"]
[Site "Minsk BLR"]
[Date "2015.12.19"]
[Round "3"]
[White "Zubritskiy, Artyom"]
[Black "Navara, David"]
[Result "0-1"]
[WhiteElo "2422"]
[BlackElo "2730"]
[PlyCount "60"]
[EventDate "2015.12.19"]

1. d4 Nf6 2. c4 e6 3. g3 c5 4. Nf3 cxd4 5. Nxd4 d5 6. Bg2 e5 7. Nb3 d4 8. O-O
Nc6 9. Bg5 Be7 10. N1d2 O-O 11. Rc1 h6 12. Bxf6 Bxf6 13. Qc2 Be7 14. Rfd1 Bg4
15. Ne4 Nb4 16. Qd2 Nxa2 17. Ra1 Qb6 18. h3 Be6 19. Nxd4 Rfd8 20. Rxa2 Rxd4 21.
Qe1 Bb4 22. Qf1 Rxc4 23. Raa1 Rac8 24. Kh1 Rc2 25. f4 f5 26. Nf2 e4 27. g4 Bc4
28. Qg1 Bc5 29. gxf5 Bxf2 30. Qh2 Bxe2 0-1

[Event "European Championship (rapid) 2015"]
[Site "Minsk BLR"]
[Date "2015.12.19"]
[Round "4"]
[White "Navara, David"]
[Black "Johannessen, Leif Erlend"]
[Result "1-0"]
[WhiteElo "2730"]
[BlackElo "2487"]
[PlyCount "63"]
[EventDate "2015.12.19"]

1. d4 e6 2. c4 f5 3. g3 Nf6 4. Bg2 c6 5. Nf3 d5 6. Bf4 Be7 7. O-O O-O 8. Nc3
Nh5 9. Bxb8 Rxb8 10. Ne5 Nf6 11. e3 Bd6 12. f4 Bd7 13. Rb1 b5 14. c5 Bc7 15. b4
a5 16. a4 axb4 17. Rxb4 Ba5 18. Rb3 bxa4 19. Nxa4 Qc7 20. h3 Rxb3 21. Qxb3 Rb8
22. Qc2 Be8 23. Ra1 Qb7 24. Nc3 Qc7 25. g4 Ne4 26. Nxe4 fxe4 27. g5 Rb5 28. Bf1
Rb7 29. h4 Kh8 30. Bh3 Rb5 31. Ra2 Qb7 32. Bf1 1-0

[Event "European Championship (rapid) 2015"]
[Site "Minsk BLR"]
[Date "2015.12.19"]
[Round "5"]
[White "Andriasian, Zaven"]
[Black "Navara, David"]
[Result "0-1"]
[WhiteElo "2594"]
[BlackElo "2730"]
[PlyCount "76"]
[EventDate "2015.12.19"]

1. e4 c6 2. d3 d5 3. Nd2 e5 4. Ngf3 Bd6 5. g3 Nf6 6. Bg2 O-O 7. O-O Re8 8. Re1
Nbd7 9. b3 a5 10. a3 Nc5 11. Bb2 dxe4 12. dxe4 b5 13. h3 Qc7 14. Nh4 g6 15. Qe2
Ba6 16. Kh2 Ne6 17. Nhf3 c5 18. c3 c4 19. b4 Bb7 20. Red1 Bc6 21. Ne1 Nd7 22.
Nc2 Nb6 23. Ne3 Na4 24. Ndf1 Nf4 25. gxf4 exf4 26. Qd2 Rad8 27. Ng4 f3+ 28. Kg1
Be7 29. Qc2 fxg2 30. Ng3 Bh4 31. Bc1 h5 32. Nh6+ Kh7 33. Rxd8 Rxd8 34. Nxh5
gxh5 35. e5+ Rd3 36. Bf4 Be4 37. Re1 Bg6 38. bxa5 Rf3 0-1

[Event "European Championship (rapid) 2015"]
[Site "Minsk BLR"]
[Date "2015.12.19"]
[Round "6"]
[White "Navara, David"]
[Black "Stupak, Kirill"]
[Result "1-0"]
[WhiteElo "2730"]
[BlackElo "2542"]
[PlyCount "47"]
[EventDate "2015.12.19"]

1. d4 g6 2. e4 Bg7 3. Nc3 d6 4. Nf3 c6 5. a4 e5 6. dxe5 dxe5 7. Qxd8+ Kxd8 8.
Ng5 Nh6 9. Bc4 Ke8 10. O-O Nd7 11. a5 Nf8 12. f4 exf4 13. Bxf4 f6 14. Nf3 Be6
15. a6 b6 16. Bd3 Nf7 17. Nd4 Bd7 18. Bc4 Ne5 19. Bb3 Rc8 20. Rad1 Rc7 21. Bg3
Bc8 22. Bxe5 fxe5 23. Nxc6 Bd7 24. Bf7# 1-0

[Event "European Championship (rapid) 2015"]
[Site "Minsk BLR"]
[Date "2015.12.19"]
[Round "7"]
[White "Petrosian, Tigran L"]
[Black "Navara, David"]
[Result "1-0"]
[WhiteElo "2625"]
[BlackElo "2730"]
[PlyCount "141"]
[EventDate "2015.12.19"]

1. Nf3 d5 2. g3 c6 3. Bg2 Bg4 4. h3 Bh5 5. d3 e6 6. O-O Bd6 7. b3 Ne7 8. Bb2
O-O 9. Nbd2 Nd7 10. Qe1 a5 11. a3 e5 12. e4 f6 13. d4 Qc7 14. c4 Bxf3 15. Nxf3
dxc4 16. bxc4 exd4 17. Nxd4 Nc5 18. Rd1 Rfe8 19. Qe3 Rad8 20. h4 Be5 21. Bh3
Nc8 22. f4 Bxd4 23. Rxd4 Rxd4 24. Qxd4 Nxe4 25. Re1 Ned6 26. Rxe8+ Nxe8 27. c5
Ne7 28. Be6+ Kf8 29. Qd3 g6 30. h5 Ng7 31. hxg6 hxg6 32. Ba2 Nh5 33. Kf2 Nf5
34. Qc4 Nh6 35. Qe6 Qd8 36. Ke1 Qe7 37. Qxe7+ Kxe7 38. Kf2 Ng7 39. Bc3 Ne6 40.
Bxa5 Nxc5 41. Bb4 Kd6 42. Bb1 Ng4+ 43. Kf3 f5 44. Ba2 b6 45. Bf7 g5 46. Bxc5+
bxc5 47. a4 gxf4 48. gxf4 Nf6 49. Bg6 c4 50. Bxf5 Kc5 51. Bc2 Kb4 52. Bd1 c3
53. f5 Kc4 54. Bc2 c5 55. Kf4 Nd5+ 56. Ke4 Nf6+ 57. Ke5 Ng4+ 58. Ke4 Kb4 59.
Kf4 Nf6 60. Kg5 Nd7 61. f6 c4 62. f7 Kc5 63. Bf5 Nf8 64. Kf6 Kd6 65. a5 c2 66.
Bxc2 Nd7+ 67. Kg7 Kc7 68. Bf5 c3 69. Bxd7 c2 70. f8=Q c1=Q 71. Qc8+ 1-0

[Event "European Championship (rapid) 2015"]
[Site "Minsk BLR"]
[Date "2015.12.19"]
[Round "1"]
[White "Short, Nigel D"]
[Black "Morozov, Vitalij"]
[Result "1-0"]
[WhiteElo "2684"]
[BlackElo "1992"]
[PlyCount "59"]
[EventDate "2015.12.19"]

1. c4 e5 2. Nc3 Nc6 3. Nf3 f5 4. d4 e4 5. d5 exf3 6. dxc6 dxc6 7. Qxd8+ Kxd8 8.
gxf3 Bd6 9. Rg1 Bxh2 10. Rxg7 Be5 11. Rg1 f4 12. Rg5 Bf6 13. Rh5 Be6 14. Bxf4
Bxc4 15. O-O-O+ Ke8 16. Bxc7 Ne7 17. Ne4 Bg7 18. Be5 Kf8 19. Rd7 Rg8 20. Bd6
Re8 21. Rf5+ Bf7 22. Ng5 Bf6 23. Nxh7+ Kg7 24. Rxf6 Rh8 25. Bxe7 Rxh7 26. Bd8
Rh1 27. Rfxf7+ Kg8 28. Rg7+ Kh8 29. Bf6 Rxf1+ 30. Kd2 1-0

[Event "European Championship (rapid) 2015"]
[Site "Minsk BLR"]
[Date "2015.12.19"]
[Round "2"]
[White "Bibik, Jura"]
[Black "Short, Nigel D"]
[Result "0-1"]
[WhiteElo "2225"]
[BlackElo "2684"]
[PlyCount "78"]
[EventDate "2015.12.19"]

1. Nf3 d5 2. g3 Bg4 3. Bg2 Nd7 4. d4 e6 5. O-O c6 6. b3 a5 7. c4 a4 8. cxd5
exd5 9. Bf4 Qa5 10. Nbd2 Ngf6 11. h3 Bh5 12. g4 Bg6 13. Ne5 Nxe5 14. dxe5 Ne4
15. Nxe4 dxe4 16. e3 Bb4 17. Qc2 Bc3 18. Rac1 Bxe5 19. Bxe4 axb3 20. axb3 O-O
21. Bxg6 hxg6 22. b4 Qc7 23. Bxe5 Qxe5 24. Qc5 Qe4 25. Rc4 Qf3 26. Qe7 b5 27.
Rf4 Qxh3 28. Qe4 g5 29. Rf3 Rae8 30. Qf5 Qh4 31. Rg3 Re6 32. Kg2 Rh6 33. Rg1
Rd8 34. Qc2 Qh2+ 35. Kf1 Rhd6 36. Ke1 Rd2 37. Qxd2 Rxd2 38. Kxd2 Qxf2+ 39. Kc3
Qa2 0-1

[Event "European Championship (rapid) 2015"]
[Site "Minsk BLR"]
[Date "2015.12.19"]
[Round "3"]
[White "Short, Nigel D"]
[Black "Gritsenko, Nikolai"]
[Result "1/2-1/2"]
[WhiteElo "2684"]
[BlackElo "2309"]
[PlyCount "131"]
[EventDate "2015.12.19"]

1. c4 c5 2. Nf3 b6 3. Nc3 Bb7 4. e4 d6 5. d4 cxd4 6. Nxd4 Nf6 7. f3 e6 8. Be2
Be7 9. O-O O-O 10. Be3 a6 11. Qd2 Nbd7 12. a4 Rc8 13. a5 Ne5 14. axb6 Nxc4 15.
Bxc4 Rxc4 16. Nb3 Rb4 17. Na5 Ba8 18. Ra4 d5 19. Rxb4 Bxb4 20. Ra1 Qb8 21. Ra4
Bxa5 22. Rxa5 dxe4 23. fxe4 Nxe4 24. Nxe4 Bxe4 25. Ra1 Rd8 26. Qe2 Bb7 27. Rc1
Rd7 28. h3 Qd8 29. Kh2 h6 30. Qg4 Qf6 31. Rc7 Rxc7 32. bxc7 Qe5+ 33. Bf4 Qxb2
34. Bxh6 Qe5+ 35. Bf4 Qe4 36. Qg3 f6 37. Qf2 a5 38. Bd6 a4 39. Qf3 Qxf3 40.
gxf3 e5 41. f4 exf4 42. Bxf4 a3 43. Bc1 a2 44. Bb2 Bc8 45. Kg3 Kf7 46. h4 Kg6
47. Kf4 Kh5 48. Kg3 g5 49. hxg5 fxg5 50. Bd4 Kg6 51. Kf3 Kf5 52. Ke3 g4 53. Bc3
Bb7 54. Bd4 Ba6 55. Bc3 Bc8 56. Bd4 Ba6 57. Bc3 Kg5 58. Bd4 g3 59. Kf3 Kh4 60.
Kg2 Bb7+ 61. Kg1 Kg4 62. Bh8 Kf3 63. Bg7 Ke3 64. Bf6 Kd3 65. c8=Q Bxc8 66. Kg2
1/2-1/2

[Event "European Championship (rapid) 2015"]
[Site "Minsk BLR"]
[Date "2015.12.19"]
[Round "4"]
[White "Olhovik, Andrei"]
[Black "Short, Nigel D"]
[Result "0-1"]
[WhiteElo "2308"]
[BlackElo "2684"]
[PlyCount "44"]
[EventDate "2015.12.19"]

1. d4 e6 2. c4 b6 3. Nf3 Bb7 4. Nc3 Bb4 5. Qc2 f5 6. a3 Bxc3+ 7. Qxc3 Nf6 8. b4
O-O 9. e3 d6 10. Bb2 Nbd7 11. Be2 Qe7 12. O-O Ne4 13. Qb3 Rf6 14. Rad1 Rh6 15.
d5 Rf8 16. g3 c5 17. dxc6 Bxc6 18. Nd4 Qh4 19. Nf3 Qh3 20. Rfe1 Ng5 21. e4 fxe4
22. Bf1 Nxf3+ 0-1

[Event "European Championship (rapid) 2015"]
[Site "Minsk BLR"]
[Date "2015.12.19"]
[Round "5"]
[White "Short, Nigel D"]
[Black "Matinian, Nikita"]
[Result "1-0"]
[WhiteElo "2684"]
[BlackElo "2470"]
[PlyCount "95"]
[EventDate "2015.12.19"]

1. e4 c5 2. b3 a6 3. Bb2 Nc6 4. Nf3 e6 5. d4 cxd4 6. Nxd4 Qc7 7. Nxc6 Qxc6 8.
Bd3 Nf6 9. Nd2 Bb4 10. O-O b5 11. c3 Bxc3 12. Rc1 b4 13. Bxc3 bxc3 14. Nc4 d5
15. exd5 Nxd5 16. Be4 O-O 17. Qd3 f5 18. Bxd5 exd5 19. Ne5 Qd6 20. Qxc3 d4 21.
Qc7 Qxc7 22. Rxc7 Re8 23. f4 Be6 24. Rd1 Rac8 25. Rxc8 Rxc8 26. Nf3 Bd5 27.
Nxd4 Be4 28. Kf2 Rc3 29. Rd2 a5 30. Nb5 Rc5 31. Nd6 Bc6 32. Ke3 g6 33. g3 Kg7
34. Nc4 a4 35. Kd4 Rd5+ 36. Kc3 Rxd2 37. Nxd2 axb3 38. axb3 Kf6 39. Kd4 g5 40.
Nc4 gxf4 41. gxf4 Ke6 42. b4 h5 43. h4 Bb5 44. Kc5 Ba6 45. b5 Bb7 46. Nd6 Bf3
47. b6 Kd7 48. Nxf5 1-0

[Event "European Championship (rapid) 2015"]
[Site "Minsk BLR"]
[Date "2015.12.19"]
[Round "6"]
[White "Azarov, Sergei"]
[Black "Short, Nigel D"]
[Result "0-1"]
[WhiteElo "2595"]
[BlackElo "2684"]
[PlyCount "58"]
[EventDate "2015.12.19"]

1. e4 e6 2. d4 d5 3. Nd2 h6 4. Ngf3 Nf6 5. e5 Nfd7 6. c4 dxc4 7. Nxc4 Nb6 8.
Nxb6 axb6 9. Bd3 Bd7 10. O-O Bc6 11. Be3 Bd5 12. Nd2 Nc6 13. a3 Qh4 14. Ne4
O-O-O 15. f4 Bc5 16. Qa4 Nxd4 17. Nxc5 bxc5 18. Bxd4 cxd4 19. Qa8+ Kd7 20. Qa4+
Bc6 21. Qxd4+ Kc8 22. Qe3 g5 23. Rad1 Kb8 24. Qg3 Qxg3 25. hxg3 Ba4 26. Rd2 Rd4
27. fxg5 hxg5 28. Rxf7 Rhd8 29. Re7 Rxd3 0-1

[Event "European Championship (rapid) 2015"]
[Site "Minsk BLR"]
[Date "2015.12.19"]
[Round "7"]
[White "Short, Nigel D"]
[Black "Motylev, Alexander"]
[Result "1-0"]
[WhiteElo "2684"]
[BlackElo "2653"]
[PlyCount "108"]
[EventDate "2015.12.19"]

1. e4 c6 2. d4 d5 3. e5 Bf5 4. Nf3 e6 5. a3 Ne7 6. Nc3 Ng6 7. Bd3 Bxd3 8. Qxd3
c5 9. O-O Nc6 10. Re1 cxd4 11. Nb5 Bc5 12. b4 Be7 13. Nbxd4 Rc8 14. g3 Nf8 15.
c3 Nd7 16. h4 O-O 17. Bg5 h6 18. Bxe7 Qxe7 19. Kg2 a6 20. Re2 Rc7 21. Qe3 Rfc8
22. Rd1 Nxd4 23. cxd4 Nf8 24. Rd3 Qd7 25. g4 Qb5 26. h5 Nh7 27. Red2 Rc1 28. g5
hxg5 29. Nxg5 Ra1 30. Nh3 Rcc1 31. h6 g6 32. Rc3 Qf1+ 33. Kg3 Qh1 34. Rxc1 Rxc1
35. Rd3 Re1 36. Qf3 Qxf3+ 37. Rxf3 Rc1 38. Rb3 Rc4 39. b5 a5 40. b6 Rxd4 41.
Rb5 Rd3+ 42. f3 f6 43. Rxa5 fxe5 44. Ra8+ Kf7 45. Ra7 g5 46. Rxb7+ Kg6 47. a4
Nf6 48. h7 Nxh7 49. a5 Nf6 50. a6 Rd2 51. Nf2 Nh5+ 52. Kg2 g4 53. a7 Ra2 54.
Rb8 Nf4+ 1-0

[Event "European Championship (rapid) 2015"]
[Site "Minsk BLR"]
[Date "2015.12.19"]
[Round "2"]
[White "Pugachev, Artem"]
[Black "Movsesian, Sergei"]
[Result "0-1"]
[WhiteElo "2215"]
[BlackElo "2659"]
[PlyCount "96"]
[EventDate "2015.12.19"]

1. d4 Nf6 2. c4 d6 3. Nc3 Nbd7 4. e4 e5 5. Nf3 g6 6. Be2 Bg7 7. O-O O-O 8. Bg5
h6 9. Be3 c6 10. dxe5 dxe5 11. h3 Qe7 12. Qd2 Kh7 13. Rfd1 Nc5 14. Qc2 Nh5 15.
Bf1 Ne6 16. Rab1 Qf6 17. b4 Nhf4 18. Ne1 Re8 19. b5 Nd4 20. Qd2 Be6 21. bxc6
bxc6 22. Rb7 Red8 23. Qc1 Bc8 24. Rb1 Bf8 25. Kh2 Nfe6 26. Rd2 Ng5 27. Qd1 Bc5
28. Kh1 Be6 29. Qa4 Rd7 30. Rdb2 Rad8 31. Rb7 Rxb7 32. Rxb7 Bc8 33. Rb8 Nde6
34. Bxc5 Nxc5 35. Qc2 Qf4 36. Nd3 Nxd3 37. Bxd3 Nf3 38. g3 Qg5 39. Ne2 Ne1 40.
Qc3 Nxd3 41. Rxc8 Nxf2+ 42. Kg2 Nxe4 43. Qf3 Rxc8 44. Qxe4 Qf6 45. Qe3 Rd8 46.
Nc3 Rd4 47. c5 Qf5 48. Ne2 Rd3 0-1

[Event "European Championship (rapid) 2015"]
[Site "Minsk BLR"]
[Date "2015.12.19"]
[Round "3"]
[White "Movsesian, Sergei"]
[Black "Rozhko, Dmitry"]
[Result "1-0"]
[WhiteElo "2659"]
[BlackElo "2313"]
[PlyCount "68"]
[EventDate "2015.12.19"]

1. e4 e6 2. d4 d5 3. e5 c5 4. c3 Nc6 5. Nf3 Qb6 6. Be2 Nh6 7. Bxh6 gxh6 8. Qd2
Rg8 9. O-O Bd7 10. Na3 cxd4 11. cxd4 Rg4 12. Nc2 O-O-O 13. Rab1 a5 14. b3 Kb8
15. a3 Rc8 16. b4 axb4 17. axb4 Ne7 18. Nfe1 Rg7 19. Nd3 Rxc2 20. Qxc2 Nf5 21.
Nc5 Bxc5 22. bxc5 Nxd4 23. Rxb6 Nxc2 24. Rfb1 Bc8 25. c6 Nd4 26. Bd1 f6 27.
exf6 Rf7 28. cxb7 Bd7 29. Ra6 Bb5 30. Ra8+ Kxb7 31. Ra4 e5 32. Rxd4 exd4 33.
Rxb5+ Kc6 34. Rxd5 Kxd5 1-0

[Event "European Championship (rapid) 2015"]
[Site "Minsk BLR"]
[Date "2015.12.19"]
[Round "4"]
[White "Razin, Vadim"]
[Black "Movsesian, Sergei"]
[Result "0-1"]
[WhiteElo "2345"]
[BlackElo "2659"]
[PlyCount "86"]
[EventDate "2015.12.19"]

1. d4 Nf6 2. Nf3 g6 3. Bg5 Bg7 4. Nbd2 O-O 5. e4 d5 6. Bd3 c5 7. e5 c4 8. Be2
Ne4 9. Nxe4 dxe4 10. Nd2 Qxd4 11. Nxc4 Qc5 12. Be3 Qc7 13. Qd5 Bf5 14. g4 Be6
15. Qxe4 Rd8 16. Rd1 Rxd1+ 17. Kxd1 Nd7 18. f4 Nc5 19. Bxc5 Qxc5 20. Ne3 Rd8+
21. Bd3 Rd4 22. Qf3 Qb4 23. f5 Bxa2 24. f6 exf6 25. exf6 Bh6 26. Re1 Be6 27.
Ke2 Rxg4 28. Rd1 Rh4 29. Qg3 Rh3 30. Qb8+ Qf8 31. Qxf8+ Bxf8 32. Be4 Rxh2+ 33.
Kf3 Rh3+ 34. Ke2 b6 35. Rd8 Rh4 36. Bd5 Rf4 37. Bxe6 fxe6 38. Ra8 h5 39. Rxa7
Rxf6 40. Nc4 h4 41. Ne5 h3 42. Ra4 h2 43. Rh4 Rf4 0-1

[Event "European Championship (rapid) 2015"]
[Site "Minsk BLR"]
[Date "2015.12.19"]
[Round "5"]
[White "Movsesian, Sergei"]
[Black "Azarov, Sergei"]
[Result "1/2-1/2"]
[WhiteElo "2659"]
[BlackElo "2595"]
[PlyCount "77"]
[EventDate "2015.12.19"]

1. e4 c5 2. Nf3 Nc6 3. d4 cxd4 4. Nxd4 Qb6 5. Nb3 Nf6 6. Bd3 e6 7. O-O Be7 8.
Nc3 Qc7 9. f4 d6 10. a4 b6 11. Nb5 Qb8 12. Qe2 O-O 13. Bd2 Bb7 14. Rae1 a6 15.
N5d4 Qc7 16. Kh1 Nd7 17. Nxc6 Qxc6 18. Bc3 e5 19. a5 b5 20. Bd2 Rac8 21. Be3 f5
22. Nd2 Nf6 23. fxe5 fxe4 24. exf6 exd3 25. cxd3 Bxf6 26. Ne4 Be5 27. b4 Qd5
28. Bd2 h6 29. Qe3 Qb3 30. h3 Kh8 31. Rb1 Qa2 32. Rbe1 Qb2 33. Rb1 Qc2 34. Rbe1
Bd5 35. Qe2 Kg8 36. Rc1 Qa2 37. Rxc8 Rxc8 38. Qg4 Rf8 39. Rxf8+ 1/2-1/2

[Event "European Championship (rapid) 2015"]
[Site "Minsk BLR"]
[Date "2015.12.19"]
[Round "6"]
[White "Smirin, Ilia"]
[Black "Movsesian, Sergei"]
[Result "1-0"]
[WhiteElo "2658"]
[BlackElo "2659"]
[PlyCount "64"]
[EventDate "2015.12.19"]

1. e4 c5 2. Nf3 e6 3. d4 cxd4 4. Nxd4 Nc6 5. Nc3 a6 6. Nxc6 bxc6 7. Bd3 d5 8.
O-O Nf6 9. Qe2 Be7 10. Na4 O-O 11. c4 Bb7 12. e5 Nd7 13. Bf4 Nb6 14. Nxb6 Qxb6
15. h4 Rfd8 16. h5 dxc4 17. Bxc4 c5 18. h6 Qc6 19. f3 g6 20. Rfd1 Qb6 21. b3
Kf8 22. Qe3 Rxd1+ 23. Rxd1 Rd8 24. Rc1 Rd4 25. Bg5 Bxg5 26. Qxg5 Qd8 27. Qe3 g5
28. Be2 g4 29. fxg4 Qh4 30. Rf1 Kg8 31. b4 Rxb4 32. Qxc5 Qg3 1-0

[Event "European Championship (rapid) 2015"]
[Site "Minsk BLR"]
[Date "2015.12.19"]
[Round "7"]
[White "Movsesian, Sergei"]
[Black "Pogosian, Manvel"]
[Result "1-0"]
[WhiteElo "2659"]
[BlackElo "2382"]
[PlyCount "95"]
[EventDate "2015.12.19"]

1. Nf3 d5 2. g3 Nf6 3. Bg2 g6 4. O-O Bg7 5. c4 c6 6. d4 O-O 7. Qa4 Bg4 8. Nc3
Bxf3 9. Bxf3 e6 10. Rd1 Nbd7 11. cxd5 exd5 12. Qc2 Re8 13. Bf4 Qe7 14. Rab1 a5
15. Rd3 Ne4 16. Rbd1 f5 17. Na4 b5 18. Nc3 g5 19. Bc1 b4 20. Nb1 Rac8 21. Re1
Kh8 22. Qd1 g4 23. Bg2 Nb6 24. b3 c5 25. dxc5 Qxc5 26. Be3 Qb5 27. Bd4 Bxd4 28.
Rxd4 Nc3 29. Nxc3 bxc3 30. Qc2 Re5 31. e3 Qc5 32. Red1 Kg7 33. Bf1 Kf6 34. Bd3
Qa3 35. Rb1 h5 36. Rf4 Kg7 37. Bxf5 Rc6 38. h3 gxh3 39. Bxh3 Qe7 40. Rd1 Rg6
41. Qxc3 Kh6 42. Bg2 Nd7 43. Rxd5 Rxd5 44. Qh8+ Kg5 45. Bxd5 Nf6 46. Bc4 Rh6
47. Qc8 Nd7 48. Rf7 1-0

[Event "European Championship (rapid) 2015"]
[Site "Minsk BLR"]
[Date "2015.12.19"]
[Round "1"]
[White "Grishin, Andrey"]
[Black "Melkumyan, Hrant"]
[Result "0-1"]
[WhiteElo "1901"]
[BlackElo "2654"]
[PlyCount "124"]
[EventDate "2015.12.19"]

1. e4 c5 2. d4 cxd4 3. c3 d3 4. c4 Nc6 5. Nc3 g6 6. Bxd3 Bg7 7. f4 d6 8. Nf3
Nf6 9. h3 O-O 10. O-O Nd7 11. Be3 Nc5 12. Rc1 a5 13. Bb1 a4 14. Bxc5 dxc5 15.
Qxd8 Rxd8 16. e5 a3 17. b3 Nb4 18. Rcd1 Bf5 19. Bxf5 gxf5 20. Rxd8+ Rxd8 21.
Nb5 Ra8 22. Rf2 e6 23. Rd2 Bf8 24. Nc3 Be7 25. Rd7 Kf8 26. Rxb7 Rd8 27. Nb5
Nxa2 28. Nxa3 Nc1 29. g3 Rd3 30. Kf2 Rxb3 31. Rxb3 Nxb3 32. Ke3 h5 33. h4 Bd8
34. Nb5 Ba5 35. Ng5 Be1 36. Kf3 Bb4 37. Nh7+ Kg7 38. Nf6 Nd2+ 39. Ke2 Nxc4 40.
Nxh5+ Kg6 41. Nf6 Nb2 42. h5+ Kg7 43. Nd6 c4 44. g4 fxg4 45. Nxg4 c3 46. h6+
Kg6 47. Ne3 f5 48. Nc2 Bc5 49. Nb5 Na4 50. h7 Kxh7 51. Kd3 Kg6 52. Nxc3 Nxc3
53. Kxc3 Kh5 54. Kc4 Bf2 55. Nb4 Kg4 56. Nd3 Bg1 57. Kb5 Kf3 58. Kc6 Ke4 59.
Kd6 Kxd3 60. Kxe6 Ke4 61. Kd6 Be3 62. e6 Bxf4+ 0-1

[Event "European Championship (rapid) 2015"]
[Site "Minsk BLR"]
[Date "2015.12.19"]
[Round "2"]
[White "Melkumyan, Hrant"]
[Black "Malyshev, Roman"]
[Result "1-0"]
[WhiteElo "2654"]
[BlackElo "2131"]
[PlyCount "59"]
[EventDate "2015.12.19"]

1. e4 c5 2. Nf3 Nc6 3. Bb5 Nf6 4. Nc3 Qc7 5. O-O Nd4 6. Re1 a6 7. Bf1 d6 8.
Nxd4 cxd4 9. Nd5 Nxd5 10. exd5 Qc5 11. c4 dxc3 12. dxc3 b5 13. Be3 Qc7 14. a4
bxa4 15. Qxa4+ Bd7 16. Qd4 a5 17. b4 a4 18. c4 e5 19. dxe6 fxe6 20. Bf4 Qa7 21.
Qd2 e5 22. c5 O-O-O 23. Bg5 Re8 24. cxd6 Qb6 25. Red1 Re6 26. Qc3+ Kb8 27. Be3
Qb7 28. Qc5 h5 29. b5 g5 30. Rxa4 1-0